Ligue 1 2025-2026 - Statistics

Statistiche generali
  • Questo quiz è stato fatto 30 volte
    11 dall'ultimo reset
  • Il punteggio medio è 12 su 18
Statistiche sulle risposte
Squadra % Corretto
Olympique Marsiglia
100%
Paris-Saint Germain
100%
Olympique Lione
89%
Monaco
78%
Nizza
78%
Paris FC
78%
Strasburgo
78%
Tolosa
78%
Lens
67%
Rennes
67%
Angers
56%
Auxerre
56%
Le Havre
56%
Brest
44%
Lilla
44%
Metz
44%
Lorient
33%
Stade Reims
33%
Nessun quiz corrispondente trovato
Distribuzione punteggi
Percentuale di utenti per punteggio
Percentile per numero di risposta
I tuoi punteggi nel tempo
Non hai fatto questo quiz dall'ultimo reset